00408nam a2200157Ia 4500008004100000082002100041100001700062245003100079250000600110260003100116300000700147600001700154630003100171700001700202730003100219151018s9999 xx 000 0 und d bRBASDV30745a624 aNavkala Roy aThe Motor car: How it work b1 bChildren Books Trustc1997 a24 aNavkala Roy aThe Motor car: How it work aNavkala Roy aThe Motor car: How it work